Statistics for Top 100 world agglomerations

Click here to take the quiz!

General Stats

  • This quiz has been taken 502 times
    (431 since last reset)
  • The average score is 71 of 101

Answer Stats

PopulationCityHint% Correct
21,9New York CityUSA
96%
39,5Tokyo日本
96%
25,8DelhiIndia
94%
27,5JakartaIndonesia
94%
14,2LondonUnited Kingdom
94%
17,4Los AngelesUSA
94%
11,2ParisFrance
94%
30,2Shanghai中国
94%
22,9ManilaPilipinas
93%
22,5Mexico CityMéxico
93%
22,9MumbaiIndia
93%
15,8Buenos AiresArgentina
92%
14,1IstanbulTürkiye
92%
16,8MoscowРоссия
92%
12,7Rio de JaneiroBrasil
92%
20,5Beijing中国
91%
4,4BerlinDeutschland
89%
16,7LagosNigeria
89%
9,9LimaPerú
89%
21,7São PauloBrasil
89%
9,8ChicagoUSA
88%
46,5Guangzhou中国
88%
6,4MadridEspaña
88%
6,85SingaporeSingapore
87%
9,25BogotáColombia
86%
6,1HoustonUSA
86%
24,3Seoul남쪽 한국
86%
13,1JohannesburgSouth Africa
85%
6,95SantiagoChile
85%
4,825SydneyAustralia
85%
7,05TorontoCanada
85%
4,7BarcelonaEspaña
84%
5,2MilanItalia
84%
17,8Osaka日本
84%
16,6Cairoمصر
83%
7,55San FranciscoUSA
83%
4,6AnkaraTürkiye
82%
15,2Bangkokประเทศไทย
82%
6,5DallasUSA
81%
8,05Ho Chi Minh CityViệt Nam
81%
10,4KinshasaCongo (Dem. Rep.)
81%
6,9Kuala LumpurMalaysia
81%
15,9KolkataIndia
80%
8,3WashingtonUSA
80%
23,8Karachiباكستان
79%
6,05MiamiUSA
79%
4,325MelbourneAustralia
78%
5,4Saint PetersburgРоссия
78%
13,6Tehranایران
78%
7,35BostonUSA
77%
5,05NairobiKenya
77%
4,325NaplesItalia
75%
4,4Cologne / DusseldorfDeutschland
73%
17,1Dhakaবাংলাদেশ
73%
7,3Hong Kong中国
73%
7,3PhilaladelphiaUSA
73%
6,5Riyadhالمملكة العربية السعودية
73%
9,85ChennaiIndia
72%
6,6LuandaAngola
72%
4,5AccraGhana
71%
10,2BangaloreIndia
70%
4,625ColomboSri Lanka
69%
5,45AtlantaUSA
67%
9,9Lahoreباكستان
66%
6,55Xi'an中国
65%
6,75Baghdadالعراق‎
64%
4,925GuadalajaraMéxico
63%
8,8HyderabadIndia
63%
9Taipei臺灣 / 台灣
63%
10,4Nagoya日本
62%
11,2Tianjin中国
62%
7,9Wuhan中国
61%
5,7DetroitUSA
60%
5,1YangonMyanmar
58%
7,3AhmedabadIndia
57%
9,35Chengdu中国
57%
5,15Dar es SalaamTanzania
57%
4,95Belo HorizonteBrasil
56%
5,05Alexandriaمِصر‎
55%
4,95AbidjanCôte d'Ivoire
54%
4,6MonterreyMéxico
54%
6,95Chongqing中国
49%
5,2TheRuhrDeutschland
48%
5,95PuneIndia
46%
9,75Xiamen中国
46%
8,1Hangzhou中国
44%
6,7Nanjing中国
44%
4,65SurabayaIndonesia
44%
5,1Harbin中国
42%
5,85BandungIndonesia
41%
5,45Khartoumالسودان‎
39%
7,55Shenyang中国
36%
4,45Chittagongবাংলাদেশ
35%
5,6Qingdao中国
32%
4,4Dalian中国
30%
5,55SuratIndia
29%
4,575Zhengzhou中国
26%
7,8Shantou中国
24%
4,325Changsha中国
23%
4,425Hefei中国
19%
5,75Wenzhou中国
19%

Score Distribution

Percentile by Number Answered

Percent of People with Each Score

Your Score History

You have not taken this quiz since the last reset